| 000 | 00421cam a2200169Ia 4500 | ||
|---|---|---|---|
| 020 | _a0802713734 | ||
| 040 | _cVVW | ||
| 082 | 0 | 4 | _a333 WAL 2002 A108 Or. |
| 100 | 1 | _aKurlansky, Mark. | |
| 245 | 1 | 0 |
_aSalt : _ba world history / |
| 260 |
_aNew York : _bWalker and Co., _cc2002. |
||
| 300 |
_axii, 484 p. : _bill., maps ; _c21 cm. |
||
| 650 | 0 | _aSalt industry and trade | |
| 650 | 0 | _aSalt. | |
| 650 | 0 | _aSalt | |
| 942 | _cEK | ||
| 999 |
_c16533 _d16533 |
||